| 000 | 00691nam a2200229 a 4500 | ||
|---|---|---|---|
| 003 | AR-BaBNM | ||
| 005 | 20251128203409.0 | ||
| 008 | 082120s2002 ||||||||||||||000 | spa|| | ||
| 040 | _cAR-BaBNM | ||
| 100 | 1 | _aCanal Feijóo, Bernardo | |
| 245 | 0 | 0 |
_aConstitución y revolución _bJuan Bautista Alberdi |
| 260 |
_aBuenos Aires _bFondo de Cultura Económica _c1955 |
||
| 300 |
_a590 p. _bláms. |
||
| 490 | 0 | _aGrandes estudios. Ciencias políticas | |
| 650 | 4 | _aHISTORIA INSTITUCIONAL | |
| 650 | 4 | _aHISTORIA DEL DERECHO ARGENTINO | |
| 650 | 4 | _aHISTORIA CONSTITUCIONAL | |
| 650 | 4 | _aCONGRESO CONSTITUYENTE DE 1853 | |
| 650 | 4 | _aFEDERALISMO ARGENTINO | |
| 942 | _cBK | ||
| 998 | _cmariana | ||
| 999 |
_c3193 _d3193 |
||